Quarterly Oil Statistics and Energy Balances Second Quarter 1993

Salvato in:
Dettagli Bibliografici
Natura: Libro
Lingua:inglese
francese
Pubblicazione: Paris OECD 1993
Edizione:1. ed.
Serie:IEA Statistics
Soggetti:
Tags: Aggiungi Tag
Nessun Tag, puoi essere il primo ad aggiungerne!!

MARC

LEADER 00000nam a2200000 4500
001 c005148
005 20230724092550.0
041 0 |a eng 
041 0 |a fre 
044 |a FR 
245 1 0 |a Quarterly Oil Statistics and Energy Balances  |b Second Quarter 1993 
250 |a 1. ed. 
264 1 |a Paris  |b OECD  |c 1993 
300 |a 323 s. 
490 1 |a IEA Statistics 
830 0 |a IEA Statistics 
610 2 0 |a ropa 
610 2 0 |a energia 
610 2 0 |a bilancia energetická 
610 2 0 |a plyn 
610 2 0 |a nafta 
610 2 0 |a zásoby surovín 
610 2 0 |a obchod zahraničný 
610 2 0 |a dovoz 
610 2 0 |a vývoz 
610 2 0 |a elektrina